00000000nam##2200000za#4500
0019.579937
003CaOODSP
00520210624190811
007cr |||||||||||
008150406|2003||||xxc|||||o    f|0| 0 eng|d
022 |a1488-5387
040 |aCaOODSP|beng
043 |an-cn---
0861 |aFs97-4/2618E-PDF
1101 |aCanada. |bDepartment of Fisheries and Oceans.
24510|aAnalysis of seasonal thermal regimes of selected aquatic habitats for salmonid populations of interest to the Okanagan Fish and Water Management Tools (FWMT) Project / |h[electronic resource]|cby K.D. Hyatt and M.M. Stockwell.
260 |aNanaimo - British Columbia : |bFisheries and Oceans Canada |c2003.
300 |a36p.|bfigs., references, tables
4901 |aCanadian manuscript report of fisheries and aquatic sciences|x1488-5387|vNo. 2618
500 |aOn t.p.: Pacific Biological Station, Nanaimo, British Columbia. The catalogue number and ISSN for the print edition appear in the PDF version.
546 |a(Résumés en français)
590 |a14-13-Supp|b2014-06-23
7201 |aHyatt, K. D.
7201 |aStockwell, M. M.
830#0|aCanadian manuscript report of fisheries and aquatic sciences,|x1488-5387|vNo. 2618|w(CaOODSP)9.505211
85640|ahttp://publications.gc.ca|qPDF|s1310 KB|uhttps://publications.gc.ca/collections/collection_2014/mpo-dfo/Fs97-4-2618-eng.pdf|yNo. 2618